| 000 | 00941nam a2200289Ia 4500 | ||
|---|---|---|---|
| 001 | dia_179 | ||
| 003 | CHAP | ||
| 005 | 20221208132149.0 | ||
| 008 | 220117s2005 xx 000 0 und d | ||
| 010 | _a170611 | ||
| 020 | _a970-686-388-5 | ||
| 040 | _cCHAP | ||
| 082 | _a332.67 H47 2005 | ||
| 100 |
_aHernández Hernández, Abraham _9147482 |
||
| 245 |
_aFormulación y evaluación de proyectos de inversión / _c Abraham Hernández Hernández, Abraham Hernández Villalobos y Alejandro Hernández Suárez |
||
| 250 | _a5a ed | ||
| 260 |
_aMéxico : _b Thomson, _c2005 |
||
| 300 | _axxi, 425 p | ||
| 503 | _aC/e | ||
| 650 |
_aProyectos _xEvaluación _992525 |
||
| 700 |
_aHernández Suárez, Alejandro, coaut. _9147490 |
||
| 700 |
_aHernández Villalobos, Abraham, coaut. _9147488 |
||
| 901 | _a332.67 H47 2005 | ||
| 902 | _aM | ||
| 905 | _a0000002005 mx abmn0000000000spa00 | ||
| 942 |
_cLIBRO _2ddc |
||
| 999 |
_c170611 _d170611 |
||